000 00667nam a2200229 a 4500
001 BRCA_6003
005 20190320205308.0
008 210211s1920----mx-a######---#000-0#spa-#
041 _aspa
044 _amx
050 4 _aZ989
_b.R66 2 1920
100 1 _aRomero de Terreros, Manuel
_cMarqués de San Francisco
_d1880-1968
_915161
245 1 0 _aUn bibliófilo en el Santo Oficio
_cManuel Romero de Terreros.
260 _aMéxico
_bLibrería Pedro Robredo
_c1920
300 _a47 p.
_bil.
_c24 cm.
500 _aEjemplar igual a F63
500 _aS65
504 _aBibliografía p. 47
650 1 4 _aInquisición
_zMéxico
_98130
902 _aGFM
942 _2lcc
_cB
999 _c5692
_d5692